Famous Brazilians by Picture #2 - Statistics

General Stats
  • This quiz has been taken 26 times
  • The average score is 7 of 20
Answer Stats
Picture Hint Answer % Correct
Soccer Player Ronaldinho Gaúcho
83%
President Dilma Rousseff
71%
TV Host Xuxa
71%
Supermodel Adriana Lima
63%
Singer Carmen Miranda
63%
Actor Wagner Moura
63%
Religious Leader Chico Xavier
46%
Writer Machado de Assis
42%
Politician Marielle Franco
38%
Poet Vinícius de Moraes
33%
Billionaire Eduardo Saverin
25%
Jiu-Jitsu Master Hélio Gracie
25%
Film Director Walter Salles
25%
Environmentalist Chico Mendes
21%
Skateboarder Bob Burnquist
17%
Composer Chiquinha Gonzaga
17%
Choreographer Deborah Colker
8%
Big Wave Surfer Maya Gabeira
8%
Fashion Designer Alexandre Herchcovitch
4%
Convicted Felon George Santos
4%
No matching quizzes found
Score Distribution
Percent of People with Each Score
Percentile by Number Answered
Your Score History
You have not taken this quiz